20 Biggest Cities in Arizona - Statistics

General Stats
  • This quiz has been taken 62 times
  • The average score is 14 of 20
Answer Stats
Hint Answer % Correct
1,662,607 Phoenix
100%
513,567 Mesa
94%
548,772 Tucson
94%
245,231 Scottsdale
86%
191,336 Tempe
86%
76,416 Flagstaff
84%
255,490 Glendale
82%
281,107 Chandler
78%
277,490 Gilbert
72%
101,964 Yuma
72%
162,911 Surprise
68%
201,001 Peoria
66%
113,958 Buckeye
62%
116,460 Goodyear
62%
59,884 Lake Havasu City
58%
66,949 Casa Grande
56%
94,870 Avondale
54%
75,078 Maricopa
46%
81,788 Queen Creek
44%
60,366 Marana
32%
No matching quizzes found
Score Distribution
Percent of People with Each Score
Percentile by Number Answered
Your Score History
You have not taken this quiz